[Event "Norway Chess op"]
[Site "Stavanger"]
[Date "2024.05.27"]
[Round "6"]
[White "Mihaila, Radu Stefan"]
[Black "Flatebo, Hallvard Haug"]
[Result "1-0"]
[WhiteElo "1835"]
[BlackElo "1951"]
[PlyCount "55"]
[EventDate "2024.05.24"]
[EventType "swiss"]
[EventRounds "9"]
[EventCountry "NOR"]
[SourceTitle "CBM 220 Extra"]
[Source "ChessBase"]
[SourceDate "2024.07.31"]
[SourceVersion "1"]
[SourceVersionDate "2024.07.31"]
[SourceQuality "1"]

1. e4 c5 2. Nf3 e6 3. d4 cxd4 4. Nxd4 a6 5. Nc3 Qc7 6. Be3 Nf6 7. Be2 Bb4 8. Qd3 Bxc3+ 9. bxc3 Nxe4 10. c4 Nc5 11. Qc3 0-0 12. Bf3 d6 13. h4 e5 14. Nb3 Be6 15. Nxc5 dxc5 16. Rb1 Ra7 17. g4 Nd7 18. h5 f5 19. gxf5 Bxf5 20. Bd5+ Kh8 21. h6 g6 22. Bg5 Qd6 23. f4 Bg4 24. fxe5 Nxe5 25. Rb6 Qb8 26. Bf6+ Rxf6 27. Rxf6 b5 28. Rf8+ 1-0